000 00689nam a22002417a 4500
003 dpl
005 20180724121056.0
008 180724b xxu||||| |||| 00| 0 eng d
010 _aB-217292
020 _c00.00
_a815002592
035 _aB-217292, B-217296
037 _bCen Lib/Ret
040 _aDPL
_bEN
_c0
082 _aN
_bSCH
100 _aScholberg, Henry
_931063
245 _aRamu :
_cby Henry Scholberg
_ban Indian boy's story /
260 _bPromilla
_aNew Delhi
_c2005
270 _bNew Delhi
_aC-127, sarvodaya enclave
_e110017
300 _a247p.
_c20m(Hb)
650 _aIndic fiction (English)
_96137
650 _aIndia -- Fiction
_931252
942 _2ddc
_cEN
_hN
_mSCH
999 _c131237
_d131237